| 000 | 00592nam a2200181Ia 4500 | ||
|---|---|---|---|
| 005 | 20250508153508.0 | ||
| 008 | 008 250505s9999 xx 000 0 eng d | ||
| 037 | _aBooks to be hide in OPAC | ||
| 040 |
_aFEDL _beng _cFEDL |
||
| 041 |
_aeng _2eng |
||
| 084 |
_a370.1503, IND/O _qFEDL |
||
| 245 | 0 | _aProvisional list of technical terms in hindi: Education (Educational psychology - 3) | |
| 245 | 0 | _cIndia. Education (Ministry of...) | |
| 260 |
_aDelhi, India _bMinistry of Education _c1959 |
||
| 300 | _a54p. | ||
| 942 |
_cHB _h370.1503, IND/O |
||
| 999 |
_c1343267 _d1343267 |
||